LEADER 02064nam0 2200433 i 450 001 VAN00132810 005 20240806100837.760 017 70$2N$a9783319017723 100 $a20210326d2014 |0itac50 ba 101 $aeng 102 $aCH 105 $a|||| ||||| 200 1 $aTransport Properties in Non-Equilibrium and Anomalous Systems$eDoctoral Thesis accepted by the Università La Sapienza, Italy$fDario Villamaina 210 $aCham$cSpringer$d2014 215 $axii, 125 p.$cill.$d24 cm 410 1$1001VAN00104193$12001 $aSpringer theses$erecognizing outstanding Ph.D. research$1210 $aBerlin$cSpringer$d2010- 500 1$3VAN00134782$aTransport Properties in Non-Equilibrium and Anomalous Systems$91768755 606 $a76Rxx$xDiffusion and convection [MSC 2020]$3VANC034146$2MF 606 $a82C70$xTransport processes in time-dependent statistical mechanics [MSC 2020]$3VANC020688$2MF 610 $aAnomalous Transport$9KW:K 610 $aFluctuation Dissipation Theorem$9KW:K 610 $aFluctuation theorem$9KW:K 610 $aFluctuations in Statistical Mechanics$9KW:K 610 $aGeneralized Fluctuation Relations$9KW:K 610 $aGranular Material$9KW:K 610 $aNon-Equilibrium Physics$9KW:K 610 $aNon-Equilibriums Steady States$9KW:K 610 $aResponse Properties$9KW:K 620 $aCH$dCham$3VANL001889 700 1$aVillamaina$bDario$3VANV106631$0791371 712 $aSpringer $3VANV108073$4650 801 $aIT$bSOL$c20241115$gRICA 856 4 $uhttp://doi.org/10.1007/978-3-319-01772-3$zE-book ? Accesso al full-text attraverso riconoscimento IP di Ateneo, proxy e/o Shibboleth 899 $aBIBLIOTECA DEL DIPARTIMENTO DI MATEMATICA E FISICA$1IT-CE0120$2VAN08 912 $fN 912 $aVAN00132810 950 $aBIBLIOTECA DEL DIPARTIMENTO DI MATEMATICA E FISICA$d08DLOAD e-book 1999 $e08eMF1999 20210326 996 $aTransport Properties in Non-Equilibrium and Anomalous Systems$91768755 997 $aUNICAMPANIA LEADER 01356nam0 2200301 i 450 001 VAN00065841 005 20240806100537.865 010 $a978-88-13-27800-7 100 $a20081007d2007 |0itac50 ba 101 $aita 102 $aIT 105 $a|||| ||||| 200 1 $aManuale pratico delle notifiche in Italia e all'estero$ela notifica civile, fallimentare, penale, amministrativa, tributaria e internazionale, formulario essenziale e schemi$fSandro Merz$gMarco Morgantini, Paolo Sguotti$ghanno collaborato: Alessandra De Padova ... [et al.] 205 $a5. ed. aggiornata e ampliata 210 $aPadova$cCEDAM$d2007 215 $axix, 1023 p.$d24 cm$e1 CD-ROM. 620 $dPadova$3VANL000007 700 1$aMerz$bSandro$3VANV001423$0231107 701 1$aMorgantini$bMarco$3VANV052360$0241128 701 1$aSguotti$bPaolo$3VANV002741$0236234 702 1$aDe Padova$bAlessandra$3VANV052384 712 $aCEDAM $3VANV111515$4650 801 $aIT$bSOL$c20250131$gRICA 899 $aBIBLIOTECA DEL DIPARTIMENTO DI GIURISPRUDENZA$1IT-CE0105$2VAN00 912 $aVAN00065841 950 $aBIBLIOTECA DEL DIPARTIMENTO DI GIURISPRUDENZA$d00CONS XVI.Eb.189 $e00BFG484 20081007 996 $aManuale pratico delle notifiche in Italia e all'estero$91416693 997 $aUNICAMPANIA